000 01448cam a2200397 i 4500
001 18466601
003 OSt
005 20200515113617.0
008 150128s2014 ii a b 001 0 eng
010 _a 2014360883
020 _a9781138020160
025 _aI-E-2014360883
037 _bLibrary of Congress -- New Delhi Overseas Office
040 _aDLC
_beng
_coclc
_erda
_dDLC
042 _alcode
043 _aa-ii---
050 0 0 _aDS432.M84
_bA357 2014
082 _a954.035
_bAHM/M
100 _aAhmed, Hilal
_eauthor.
_91757
245 1 0 _aMuslim political discourse in postcolonial India :
_bmonuments, memory, contestation /
_cHilal Ahmed
264 1 _aNew Delhi :
_bRoutledge,
_c2014.
300 _axvi, 328 pages :
_billustrations ;
_c23 cm
336 _atext
_btxt
_2rdacontent
337 _aunmediated
_bn
_2rdamedia
338 _avolume
_bnc
_2rdacarrier
504 _aIncludes bibliographical references (pages 290-315) and index.
650 0 _aMuslims
_xPolitical activity
_zIndia.
650 0 _aMonuments
_xPolitical aspects
_zIndia.
650 0 _aIslam and politics
_zIndia.
651 0 _aIndia
_xPolitics and government
_y1947-
651 0 _aIndia
_xHistory
_y20th century.
651 0 _aIndia
_xHistory
_y21st century.
906 _a7
_bpar
_corigode
_d3
_encip
_f20
_gy-gencatlg
942 _2ddc
_cBK
_h954.035
_iAHM/M
_k954.035
_mAHM/M
999 _c35000
_d35000